00000000nas 2200000zi 4500
0019.956236
003CaOODSP
00520251031160457
006m     o  d f      
007cr cn ||||||||
008251010c20259999oncar p o    f0###b0fre d
022 |a2819-7135
040 |aCaOODSP|bfre|erda|cCaOODSP
043 |an-cn---
0861 |aPS61-60F-PDF
222 0|aRapport annuel |b(Programme d'opérations policières internationales de paix et de maintien de la paix (Canada))
24500|aRapport annuel / |cProgramme d'opérations policières internationales de paix et de maintien de la paix.
264 1|a[Ottawa] : |bGouvernement du Canada = Government of Canada, |c[2025]-
310 |aAnnuel
336 |atexte|btxt|2rdacontent/fre
337 |ainformatique|bc|2rdamedia/fre
338 |aressource en ligne|bcr|2rdacarrier/fre
3621 |aParaît depuis : 2024/2025.
500 |aPublié aussi en anglais sous le titre : Annual report.
5202 |a«L'Arrangement sur la police civile au Canada (APCC) - Programme d'opérations policières internationales de paix et de maintien de la paix (Programme PIP) appuie l'engagement du Canada à bâtir un monde plus sûr en déployant des policiers et des experts civils dans le cadre d'opérations internationales de paix et de stabilisation [...] L'APCCest un partenariat élargi entre la Gendarmerie royale du Canada (GRC), Affaires mondiales Canada (AMC) et Sécurité publique Canada (SPC), tandis que le Programme PIP est un programme opérationnel administré par le groupe des Missions de paix internatioanles (MPI) de la GRC» -- livraison de 2024/2025.
588 |aDescription d'après : 2024/2025; titre de la page couverture du fichier PDF.
588 |aDernière livraison consultée : 2024/2025.
650 6|aForces de maintien de la paix canadiennes|vPériodiques.
650 6|aConsolidation de la paix canadienne|vPériodiques.
655 7|aPériodiques|2rvmgf
7102 |aGendarmerie royale du Canada, |eorganisme de publication.
77508|tAnnual report / |w(CaOODSP)9.956237